| 000 | 00841nam a2200229 a 4500 | ||
|---|---|---|---|
| 001 | 000035271 | ||
| 005 | 20200930074224.0 | ||
| 008 | 111027s1967 ag 000 0 spa d | ||
| 040 |
_aDO-SdBNP _bspa _cBNPHU |
||
| 082 |
_axxx _bL743n |
||
| 100 | 1 |
_aLindemann, E. _961034 |
|
| 240 | 1 | 0 |
_aEncyclopedia of psychology _lespañol |
| 245 | 1 | 0 |
_aNeuropsicología / _cE. Lindemann ; colaboran Berthold Lowenfeld, S. D. Porteus y H.T. Garard. |
| 260 |
_aBuenos Aires, Argentina : _bPaidos, _c1967. |
||
| 300 |
_a93 p. ; _c18 cm. |
||
| 490 | 1 |
_aBiblioteca del Hombre Contemporaneo ; _v168 |
|
| 590 | _aPerteneció a la biblioteca personal de Juan Isidro Jimenes Grullón | ||
| 700 | 1 |
_aLowenfeld, Berthold _961035 |
|
| 700 | 1 |
_aPorteus, S. D. _961036 |
|
| 700 | 1 |
_aGarard, H. T. _961037 |
|
| 830 | 0 |
_aBiblioteca del Hombre Contemporaneo ; _v168 _951036 |
|
| 999 |
_c34762 _d34762 |
||